Official and confidential : (Record no. 1885)

000 -LEADER
fixed length control field 01442nam a22003977a 4500
001 - CONTROL NUMBER
control field 4931595
003 - CONTROL NUMBER IDENTIFIER
control field OSt
005 - DATE AND TIME OF LATEST TRANSACTION
control field 20210419075833.0
008 - FIXED-LENGTH DATA ELEMENTS--GENERAL INFORMATION
fixed length control field 950404s1994 nyua b 001 0 eng
010 ## - LIBRARY OF CONGRESS CONTROL NUMBER
LC control number 95136192
020 ## - INTERNATIONAL STANDARD BOOK NUMBER
International Standard Book Number 067188087X
040 ## - CATALOGING SOURCE
Original cataloging agency DLC
Transcribing agency DLC
Language of cataloging eng
041 ## - LANGUAGE CODE
Language code of text/sound track or separate title eng
043 ## - GEOGRAPHIC AREA CODE
Geographic area code n-us---
050 00 - LIBRARY OF CONGRESS CALL NUMBER
Classification number HV7911.H6
Item number S86 1994
080 ## - UNIVERSAL DECIMAL CLASSIFICATION NUMBER
Universal Decimal Classification number 821.111
Item number S-91
082 00 - DEWEY DECIMAL CLASSIFICATION NUMBER
Classification number 353.0074/092
-- B
Edition number 20
100 1# - MAIN ENTRY--PERSONAL NAME
Personal name Summers, Anthony.
245 10 - TITLE STATEMENT
Title Official and confidential :
Remainder of title the secret life of J. Edgar Hoover /
Statement of responsibility, etc. / by: Pocket Star Books
246 33 - VARYING FORM OF TITLE
Title proper/short title Secret life of J. Edgar Hoover
260 ## - PUBLICATION, DISTRIBUTION, ETC.
Place of publication, distribution, etc. New York
Name of publisher, distributor, etc. Pocket Star Books
Date of publication, distribution, etc. c1994.
300 ## - PHYSICAL DESCRIPTION
Extent 610 p.
Other physical details ill.
Dimensions 18 cm.
365 ## - TRADE PRICE
Price amount 6.99 usd
500 ## - GENERAL NOTE
General note Originally published: New York : Putnam, c1993. With new afterword.
504 ## - BIBLIOGRAPHY, ETC. NOTE
Bibliography, etc. note Includes bibliographical references (p. 583-586) and index.
600 10 - SUBJECT ADDED ENTRY--PERSONAL NAME
Personal name Hoover, J. Edgar
Fuller form of name (John Edgar),
Dates associated with a name 1895-1972.
610 10 - SUBJECT ADDED ENTRY--CORPORATE NAME
Corporate name or jurisdiction name as entry element United States.
Subordinate unit Federal Bureau of Investigation
General subdivision Officials and employees
-- Biography.
650 #0 - SUBJECT ADDED ENTRY--TOPICAL TERM
Topical term or geographic name entry element Police
Geographic subdivision United States
General subdivision Biography.
650 #0 - SUBJECT ADDED ENTRY--TOPICAL TERM
Topical term or geographic name entry element English literature
9 (RLIN) 247
650 #0 - SUBJECT ADDED ENTRY--TOPICAL TERM
Topical term or geographic name entry element Government executives
Geographic subdivision United States
General subdivision Biography.
653 ## - INDEX TERM--UNCONTROLLED
Uncontrolled term ინგლისური ლიტერატურა
906 ## - LOCAL DATA ELEMENT F, LDF (RLIN)
a 7
b cbc
c orignew
d 3
e ncip
f 19
g y-gencatlg
942 ## - ADDED ENTRY ELEMENTS (KOHA)
Source of classification or shelving scheme
Koha item type Books
Holdings
Withdrawn status Lost status Source of classification or shelving scheme Damaged status Not for loan Permanent location Current location Date acquired Inventory number Total Checkouts Full call number Barcode Date last seen Price effective from Koha item type
          Ken Walker International University Ken Walker International University 03/03/2021 1651   821.111 S-91 1651 03/03/2021 03/03/2021 Books

Powered by Koha